| 000 | 00725cam a22002292 4500 | ||
|---|---|---|---|
| 001 | 0000006182 | ||
| 005 | 20151021151109.0 | ||
| 008 | 070921s xx 000 0 eng d | ||
| 020 |
_a007231978X : _cKES 2,500 |
||
| 040 |
_aKABU _cKABU |
||
| 100 | 1 |
_aStrickland, A. J. _@0000157574 |
|
| 245 | 1 | 0 |
_aCases in strategic management / _cA. J. Strickland, Arthur A. Thompson, John Gamble. |
| 250 | _a12th ed. | ||
| 260 |
_aBoston : _bMcGraw-Hill, _c2001. |
||
| 300 | _axxiv, 615 p. | ||
| 650 | 0 |
_aStrategic planning. _@0000150576 |
|
| 700 | 1 |
_aThompson, Arthur A. _@0000157575 |
|
| 700 | 1 |
_aGamble, John. _@0000157576 |
|
| 908 | _a070921 | ||
| 950 | _@1 | ||
| 999 |
_c633 _d633 |
||